|
|
|
|
| LEADER |
00933nam a2200205 a 4500 |
| 001 |
BIDS000001 |
| 008 |
060616s2008 nyuab b 001 0 eng d |
| 040 |
|
|
|a BIDS
|c BIDS
|
| 041 |
|
|
|a Eng
|
| 100 |
1 |
|
|a O'riordan
|b Brian
|
| 111 |
1 |
|
|a Association of Development Agencies in Bangladesh
|z ADAB
|
| 111 |
|
|
|z ITDG
|
| 245 |
1 |
0 |
|a Matsaya chasher madhayme daridra janagosthir kallayan shadhaner kala-kowshal bishayak NGO karmashala: aaojone ADAB o ITDG, Dhaka-Bangladesh, October 25-26, 1992
|
| 260 |
|
|
|a Dhaka :
|b PACT Bangladesh/PRIP
|c 1992
|
| 300 |
|
|
|a 64pages
|
| 541 |
1 |
|
|a 000001
|
| 650 |
|
4 |
|a Fishery
|x Poverty alleviation
|x Fish production
|x Technology
|x Non-governmental organizations
|x Workshops
|z Bangladesh
|
| 700 |
1 |
|
|a Shailo
|b Iqbal
|
| 999 |
|
|
|c 37593
|d 37593
|
| 952 |
|
|
|0 0
|1 4
|2 ddc
|4 0
|6 338_095492000000000_BRI
|7 0
|9 59110
|a BRACUL
|b BRACUL
|c GEN
|d 2016-06-06
|e BIDS
|g 500.00
|l 0
|o 338.095492 BRI
|p 3010000001
|r 2016-08-30
|t 1
|w 2016-06-06
|y BK
|x Koha Inventory 2020
|